Die Zukunft hat schon begonnen : Amerikas Allmacht und Ohnmacht /

Hlavní autor: Jungk, Robert, 1913-1994
Jazyk: Němčina
Vydáno: Bern : Scherz, 1957
Vydání: Neue erw. Ausg.
Témata:
Fyzický popis: 317 s.
Knihy
Uloženo v:
LEADER 00715nam a2200217 a 4500
001 000487714
003 CZ BrMZK
005 20100621140650.0
007 ta
008 000105s1957 sz f ger d
040 |a BOA001  |b cze 
080 |a 008:001  |2 MRF 
100 1 |a Jungk, Robert,  |d 1913-1994  |7 skuk0003313  |4 aut 
245 1 4 |a Die Zukunft hat schon begonnen :  |b Amerikas Allmacht und Ohnmacht /  |c Robert Jungk 
250 |a Neue erw. Ausg. 
260 |a Bern :  |b Scherz,  |c 1957 
300 |a 317 s. 
910 |a BOA001  |b 2-0869.796 
964 |a Revoluce vědecko-technické - dúsledky společenské - úvahy 
990 |a BK 
996 7 |b 2619922834  |c 2-0869.796  |l MZK  |r Sklad / do 1 hodiny  |n 0  |w 000487714  |u 000010  |a 1  |e BOA001  |j MZK50  |s A